Hodnotenie pracovného prostredia podniku = Valuation of working atmosphere : Bakalárska práca
Salvato in:
| Autore principale: | |
|---|---|
| Altri autori: | |
| Natura: | Manoscritto Libro |
| Pubblicazione: |
STU v Bratislave MTF UIPH,
2009
|
| Tags: |
Nessun Tag, puoi essere il primo ad aggiungerne!!
|
MARC
| LEADER | 00000ntm a22000003a 4500 | ||
|---|---|---|---|
| 001 | stu222566 | ||
| 005 | 20160719160421.7 | ||
| 008 | 110316s2009----------------------------d | ||
| 040 | |a STU |b slo | ||
| 041 | 0 | ||
| 100 | 1 | |a Paparinská, Henrieta, |d 1986- |4 aut |X 37819 |7 A000037819 | |
| 245 | 1 | |a Hodnotenie pracovného prostredia podniku = Valuation of working atmosphere : |b Bakalárska práca | |
| 260 | |b STU v Bratislave MTF UIPH, |c 2009 | ||
| 300 | |a 49s | ||
| 700 | 1 | |a Bernát, Libor |4 xxx |u M7000 |T MTF Ústav inžinierskej pedagogiky a humatitných vied |U M7000 |Y M7000 | |
| 996 | |c M*BP-5133 |l MMSKP |s P |a 0 |w stu222566_0001 | ||